|
|
|
|
| LEADER |
00000nab a2200000uu 4500 |
| 001 |
vtls010894630 |
| 003 |
SK-MaSNL |
| 005 |
20260303142157.0 |
| 008 |
230222|1966 xo |||||||||||||||||cze| |
| 015 |
|
|
|a SNBRB
|
| 035 |
|
|
|a (urnnbn)urn:nbn:sk:snk:ar-006gya
|
| 035 |
|
|
|a (uuid)8b2c66ec-2e56-4f91-8c68-b4b7d273eb7b
|
| 035 |
|
|
|a urn:nbn:sk:snk-ab8npt
|
| 040 |
|
|
|a SNKBUCL
|b slo
|c SNKBUCL
|e AACR2
|
| 041 |
0 |
|
|a cze
|
| 044 |
|
|
|a xo
|c SK
|
| 100 |
1 |
|
|a Sobotka, Zdeněk
|4 aut
|9 367680
|
| 245 |
1 |
0 |
|a ZÁKLADNÍ VZTAHY TEORIE ISOTROPICKÉHO PLASTICKÉHO TEČENÍ DRUHÉHO ŘÁDU
|c Zdeněk Sobotka
|
| 773 |
0 |
|
|t Stavebnícky časopis : mesačník pre teoretické problémy stavebných látok a konštrukcií
|g Roč. 14, č. 8 (1966), s. 496-500
|
| 958 |
|
|
|a OND
|
| 958 |
|
|
|a EUIPO
|
| 958 |
|
|
|a article10
|
| 999 |
|
|
|c 1981124
|d 1983054
|